Explicación de el libro quarto de la gramática, conforme al arte de Antonio de Nebrija

Detalles Bibliográficos
Formato: Libro
Publicado: Puebla 1764
Materias:
Colección:Banco de datos
Acervo:Biblioteca Nacional de Antropología e Historia. Fondo Conventual
Tema general:Literatura
Notas:Buena. Encuadernado con tres obras más.XIX, 1, 16.
LEADER 00712nam a22001810004500
035 |a 13167 
036 |a 713 
245 1 0 |a Explicación de el libro quarto de la gramática, conforme al arte de Antonio de Nebrija 
260 |a Puebla  |b imp. Cristóbal Tadeo Ortega Bonilla  |c 1764 
500 |a Buena. Encuadernado con tres obras más.XIX, 1, 16. 
650 1 0 |a Literatura 
949 |a B.N.A.H. 
959 |a Biblioteca Nacional de Antropología e Historia. Ciudad de México  |b CCC1 
960 |a Colección General de B.N.A.H. de la ciudad de México  |b DD58 
961 |a Varias Ordenes Religiosas  |b VO 
942 |c B.N.A.H. 
943 |g Biblioteca Nacional de Antropología e Historia. Fondo Conventual 
999 |c 1037699  |d 1037699